La construcción discursiva de la prevención del delito en México 2006-2009 /

محفوظ في:
التفاصيل البيبلوغرافية
المؤلف الرئيسي: Quintana Navarrete, Miguel
التنسيق: نص
الوسوم: إضافة وسم
لا توجد وسوم, كن أول من يضع وسما على هذه التسجيلة!

MARC

LEADER 00000 a a2200000 04500
001 48851
003
040
100 |a Quintana Navarrete, Miguel  
245 |a La construcción discursiva de la prevención del delito en México 2006-2009 /  |c Miguel Quintana Navarrete  
773 |a volumen21, número42, (2013), páginas 55-78  
999 |c 35704  |d 35704